000 00446nam a2200145 4500
008 0 1979 0a 000 0Mex
020 _a968-18-0642-5
050 _aQA315 C981
082 _a515.88 C288c
100 _aCurtis, Philip C.
245 _aCalculo de varias variables con  lgebra lineal / Philip C. Curtis
260 _aMéxico : Limusa
300 _a495 p. / 26 cm.
650 _a1. CALCULO-VARIAS VARIABLES / 2. ALGEBRA LINEAL
999 _c20812
_d20812